[Event "BCF-chT3 0405 (4NCL)"]
[Site "Telford"]
[Date "2005.02.27"]
[Round "6.3"]
[White "Retallick, Lloyd"]
[Black "Pym, Thomas TW"]
[Result "0-1"]
[WhiteElo "2115"]
[BlackElo "2050"]
[PlyCount "66"]
[EventDate "2004.11.06"]
[EventType "team"]
[EventRounds "11"]
[EventCountry "ENG"]
[SourceTitle "EXT 2006"]
[Source "ChessBase"]
[SourceDate "2005.11.24"]
[SourceVersion "1"]
[SourceVersionDate "2005.11.24"]
[SourceQuality "1"]
[WhiteTeam "Poisoned Pawns II"]
[BlackTeam "Wessex II"]
[WhiteTeamCountry "ENG"]
[BlackTeamCountry "ENG"]

1. d4 Nf6 2. c4 c5 3. d5 b5 4. Nf3 g6 5. Qc2 bxc4 6. e4 d6 7. Bxc4 Bg7 8. Nc3 0-0 9. 0-0 Na6 10. h3 Nc7 11. Be3 Nd7 12. Rad1 Nb6 13. b3 Rb8 14. Qd2 Nxc4 15. bxc4 Rb4 16. Bh6 Ba6 17. Rfe1 Na8 18. e5 Nb6 19. Bxg7 Kxg7 20. exd6 exd6 21. Ne4 h6 22. Qc3+ f6 23. Nfg5 hxg5 24. Nxg5 Bc8 25. Re4 Rxc4 26. Rxc4 Nxc4 27. Re1 Ne5 28. f4 fxg5 29. fxe5 dxe5 30. Rxe5 Qf6 31. Re7+ Rf7 32. Rxf7+ Kxf7 33. Qxc5 Qb6 0-1

[Event "BCF-chT3 0405 (4NCL)"]
[Site "Telford"]
[Date "2005.01.16"]
[Round "4.4"]
[White "Stevenson, James"]
[Black "Retallick, Lloyd"]
[Result "0-1"]
[WhiteElo "2092"]
[BlackElo "2115"]
[PlyCount "92"]
[EventDate "2004.11.06"]
[EventType "team"]
[EventRounds "11"]
[EventCountry "ENG"]
[SourceTitle "EXT 2006"]
[Source "ChessBase"]
[SourceDate "2005.11.24"]
[SourceVersion "1"]
[SourceVersionDate "2005.11.24"]
[SourceQuality "1"]
[WhiteTeam "Athenaeum"]
[BlackTeam "Poisoned Pawns II"]
[WhiteTeamCountry "ENG"]
[BlackTeamCountry "ENG"]

1. d4 d5 2. Nf3 e6 3. c4 Be7 4. g3 c6 5. Bg2 Nd7 6. b3 Ngf6 7. 0-0 0-0 8. Nc3 b6 9. Qc2 dxc4 10. bxc4 Bb7 11. Rd1 Qc7 12. e4 e5 13. dxe5 Nxe5 14. Bf4 Nfd7 15. Kh1 f6 16. Na4 Rfd8 17. Qc3 g5 18. Be3 Nxf3 19. Bxf3 Ne5 20. Bg2 Rxd1+ 21. Rxd1 Rd8 22. Rd2 g4 23. Bf4 Rxd2 24. Qxd2 Qd7 25. Qe2 Bc8 26. Bf1 Qd4 27. Bxe5 fxe5 28. h3 h5 29. hxg4 hxg4 30. Kg1 Be6 31. Qd3 Kf7 32. Kg2 Bb4 33. Be2 Qxd3 34. Bxd3 c5 35. Nb2 Bc3 36. Nd1 Bd4 37. a3 Ke7 38. Kf1 b5 39. cxb5 c4 40. Bc2 Kd6 41. Ke2 Kc5 42. a4 Kb4 43. Ne3 Bxe3 44. Kxe3 c3 45. Bd1 Bb3 46. Bxg4 Ka3 0-1

[Event "BCF-chT3 0405 (4NCL)"]
[Site "Telford"]
[Date "2004.11.06"]
[Round "1.6"]
[White "Retallick, Lloyd"]
[Black "Byway, Paul V"]
[Result "1-0"]
[WhiteElo "2115"]
[BlackElo "2201"]
[PlyCount "67"]
[EventDate "2004.11.06"]
[EventType "team"]
[EventRounds "11"]
[EventCountry "ENG"]
[SourceTitle "EXT 2006"]
[Source "ChessBase"]
[SourceDate "2005.11.24"]
[SourceVersion "1"]
[SourceVersionDate "2005.11.24"]
[SourceQuality "1"]
[WhiteTeam "Poisoned Pawns II"]
[BlackTeam "Poisoned Pawns"]
[WhiteTeamCountry "ENG"]
[BlackTeamCountry "ENG"]

1. d4 Nf6 2. c4 e6 3. Nc3 d5 4. cxd5 exd5 5. Bg5 Bb4 6. e3 Nbd7 7. Bd3 c5 8. Nge2 c4 9. Bc2 Qa5 10. 0-0 0-0 11. a3 Bxc3 12. Nxc3 Re8 13. Re1 Ne4 14. Nxe4 dxe4 15. Bf4 Nb6 16. f3 Bf5 17. Qb1 Qd5 18. Be5 f6 19. fxe4 Qc6 20. exf5 fxe5 21. Be4 Qf6 22. d5 Red8 23. Qc2 Rac8 24. Rad1 Qd6 25. f6 gxf6 26. Bxh7+ Kh8 27. Bf5 Rc7 28. e4 Qc5+ 29. Kh1 Nc8 30. Qe2 Kg7 31. Qh5 Qd6 32. Re3 Ne7 33. Rg3+ Kf8 34. Qh8+ 1-0

[Event "BCF-chT4 0304 (4NCL)"]
[Site "West Bromwich "]
[Date "2004.03.27"]
[Round "5.5"]
[White "Retallick, Lloyd"]
[Black "Bucher, Grant"]
[Result "1/2-1/2"]
[WhiteElo "1952"]
[BlackElo "1592"]
[PlyCount "79"]
[EventDate "2003.10.??"]
[EventType "team"]
[EventRounds "11"]
[EventCountry "ENG"]
[SourceTitle "EXT 2005"]
[Source "ChessBase"]
[SourceDate "2004.11.15"]
[SourceVersion "1"]
[SourceVersionDate "2004.11.15"]
[SourceQuality "1"]
[WhiteTeam "Poisoned Pawns II"]
[BlackTeam "Sussex Mindsports"]
[WhiteTeamCountry "ENG"]
[BlackTeamCountry "ENG"]

1. d4 f5 2. Bg5 Nf6 3. Bxf6 exf6 4. e3 d5 5. c4 Bb4+ 6. Nc3 Bxc3+ 7. bxc3 g6 8. Qb3 c6 9. Bd3 Qd6 10. Ne2 b6 11. cxd5 Qxd5 12. 0-0 Be6 13. Qa3 g5 14. c4 Qd7 15. Rfd1 Kf7 16. d5 cxd5 17. cxd5 Qxd5 18. Ba6 Qe5 19. Bb7 Nd7 20. Bxa8 Rxa8 21. Qd6 Rc8 22. Qxe5 fxe5 23. Rac1 Nc5 24. a3 Ke7 25. g3 g4 26. Rc3 h5 27. Kf1 Rh8 28. Nc1 Bc8 29. Nb3 Ba6+ 30. Kg1 Nxb3 31. Rxb3 Bc4 32. Rb2 e4 33. Rc1 b5 34. Kg2 Rd8 35. a4 a6 36. axb5 axb5 37. Rbb1 Rd6 38. Ra1 Kf6 39. h3 Kg6 40. Ra8 1/2-1/2

[Event "BCF-chT3 0203 (4NCL)"]
[Site "West Bromwich"]
[Date "2003.01.18"]
[Round "3.6"]
[White "Retallick, Lloyd"]
[Black "Keely, Leo A"]
[Result "0-1"]
[WhiteElo "1856"]
[BlackElo "1936"]
[PlyCount "58"]
[EventDate "2002.11.??"]
[EventType "team"]
[EventRounds "11"]
[EventCountry "ENG"]
[SourceTitle "EXT 2004"]
[Source "ChessBase"]
[SourceDate "2003.11.25"]
[SourceVersion "1"]
[SourceVersionDate "2003.11.25"]
[SourceQuality "1"]
[WhiteTeam "Poisoned Pawns II"]
[BlackTeam "White Rose II"]
[WhiteTeamCountry "ENG"]
[BlackTeamCountry "ENG"]

1. d4 d5 2. c4 c6 3. Nc3 Nf6 4. e3 e6 5. Nf3 Nbd7 6. Qc2 a6 7. Bd3 dxc4 8. Bxc4 b5 9. Bd3 Bb7 10. Ne4 Rc8 11. Nc5 Nxc5 12. dxc5 Bxc5 13. 0-0 Qb6 14. e4 h6 15. Bf4 0-0 16. Rad1 Be7 17. Qc1 Qc5 18. Qd2 Qh5 19. e5 Nd5 20. Bg3 c5 21. Be4 Rfd8 22. Qe2 c4 23. Nd4 Qxe2 24. Nxe2 Ba8 25. f3 Ne3 26. Rxd8+ Rxd8 27. Re1 Bxe4 28. fxe4 Rd2 29. Bf2 Nc2 0-1

[Event "BCF-chT qual (4NCL)"]
[Site "England"]
[Date "2002.06.02"]
[Round "3"]
[White "Stimpson, Philip M"]
[Black "Retallick, Lloyd"]
[Result "1/2-1/2"]
[WhiteElo "1912"]
[BlackElo "1992"]
[PlyCount "56"]
[EventDate "2002.06.??"]
[EventType "team"]
[EventRounds "8"]
[EventCountry "ENG"]
[SourceTitle "EXT 2005"]
[Source "ChessBase"]
[SourceDate "2004.11.15"]
[SourceVersion "1"]
[SourceVersionDate "2004.11.15"]
[SourceQuality "1"]
[WhiteTeam "Guildford"]
[BlackTeam "Poisoned Pawns"]
[WhiteTeamCountry "ENG"]
[BlackTeamCountry "ENG"]

1. e4 c6 2. d4 d5 3. exd5 cxd5 4. c4 Nf6 5. Nc3 e6 6. Nf3 Bb4 7. Bd2 0-0 8. c5 Nc6 9. a3 Bxc3 10. Bxc3 Ne4 11. Qc2 Nxc3 12. Qxc3 e5 13. Nxe5 Re8 14. Be2 Nxe5 15. dxe5 d4 16. Qg3 Qd5 17. 0-0 Qxc5 18. Bd3 Qxe5 19. Qxe5 Rxe5 20. Rfe1 Rxe1+ 21. Rxe1 Be6 22. f4 Bd5 23. Be4 Bxe4 24. Rxe4 Rd8 25. Kf2 Kf8 26. Ke2 f5 27. Re5 g6 28. Kd3 b6 1/2-1/2

[Event "BCF-chT3 0102 (4NCL)"]
[Site "Birmingham"]
[Date "2001.09.23"]
[Round "2.3"]
[White "Davies, Christopher"]
[Black "Retallick, Lloyd"]
[Result "1/2-1/2"]
[WhiteElo "2086"]
[BlackElo "1992"]
[PlyCount "39"]
[EventDate "2001.09.??"]
[EventType "team"]
[EventRounds "11"]
[EventCountry "ENG"]
[SourceTitle "EXT 2003"]
[Source "ChessBase"]
[SourceDate "2002.11.25"]
[SourceVersion "1"]
[SourceVersionDate "2002.11.25"]
[SourceQuality "1"]
[WhiteTeam "Nidum Knights"]
[BlackTeam "Poisoned Pawns II"]
[WhiteTeamCountry "ENG"]
[BlackTeamCountry "ENG"]

1. e4 c6 2. d4 d5 3. Nd2 dxe4 4. Nxe4 Nd7 5. Bc4 Ngf6 6. Ng5 e6 7. Ne2 Bd6 8. Ng3 b5 9. Bb3 c5 10. c3 cxd4 11. 0-0 Nc5 12. Qxd4 0-0 13. Bc2 Bxg3 14. Qxc5 Qc7 15. Qxc7 Bxc7 16. Ne4 Nd5 17. Bg5 h6 18. Bd2 Bb7 19. Rad1 Rfd8 20. Rfe1 1/2-1/2